[Event "Fast 1800+ Standard"]
[Site "SchemingMind.com"]
[Date "2006.03.14"]
[Round "-"]
[White "Aumonde"]
[Black "harmy"]
[Result "1-0"]
[WhiteCountry "USA"]
[BlackCountry "USA"]
[WhiteElo "2135"]
[WhiteRD "68"]
[BlackElo "1660"]
[BlackRD "97"]
[GameID "42735"]

1. e4 e5 2. Nf3 Nc6 3. Bc4 Bc5 4. c3 Nf6 5. d3 d6 6. Nbd2 a6 7. O-O O-O 8. Bb3 Ba7 9. h3 Nh5 10. Nc4 b5
11. Ne3 Be6 12. Nd5 Kh8 13. Nh2 Ng3 14. Re1 f5 15. Be3 Bxe3 16. Rxe3 f4 17. Re1 f3 18. Nxf3 Nh5 19. a4 Na5 20. Ba2 c6
21. Ne3 Bxa2 22. Rxa2 Nf4 23. b4 Nb7 24. d4 Qe8 25. axb5 cxb5 26. Nd5 Qf7 27. dxe5 Nxh3+ 28. gxh3 Qxf3 29. Qxf3 Rxf3 30. e6 Kg8
31. Kg2 Rd3 32. Rc1 g5 33. c4 Rd4 34. cxb5
1-0

[Event "Fast 1800+ Standard"]
[Site "SchemingMind.com"]
[Date "2006.03.15"]
[Round "-"]
[White "harmy"]
[Black "Aumonde"]
[Result "0-1"]
[WhiteCountry "USA"]
[BlackCountry "USA"]
[WhiteElo "1660"]
[WhiteRD "97"]
[BlackElo "2135"]
[BlackRD "68"]
[GameID "42736"]

1. d4 Nf6 2. c4 e5 3. dxe5 Ne4 4. Nf3 a5 5. Qd5 Bb4+ 6. Nbd2 Nc5 7. e3 O-O 8. Bd3 d6 9. exd6 Be6 10. Bxh7+ Kxh7
11. Qh5+ Kg8 12. O-O Qxd6 13. Nb3 Bxc4 14. Nbd4 Bxf1 15. Kxf1 Rd8 16. a3 Nb3 17. Ng5 Qa6+
0-1

[Event "Fast 1800+ Standard"]
[Site "SchemingMind.com"]
[Date "2006.03.17"]
[Round "-"]
[White "Gordon"]
[Black "Aumonde"]
[Result "1-0"]
[WhiteCountry "ENG"]
[BlackCountry "USA"]
[WhiteElo "2230"]
[WhiteRD "68"]
[BlackElo "2151"]
[BlackRD "61"]
[GameID "43038"]

1. e4 d6 2. d4 Nf6 3. Nc3 g6 4. Nf3 Bg7 5. Be3 O-O 6. Qd2 a6 7. Bh6 Bg4 8. O-O-O Nbd7 9. Bxg7 Kxg7 10. e5 Ne8
11. Be2 e6 12. h4 h6 13. Ng1 Bxe2 14. Ngxe2 Qe7 15. f4 Nb6 16. Qd3 d5 17. g4 Nc4 18. Rdf1 Qb4 19. Nd1 Qa5 20. Nec3 c5
21. h5 cxd4 22. Qxd4 Nc7 23. g5 Nb5 24. gxh6+ Kh8 25. Qg1 Nxc3 26. Nxc3 Qb4 27. Nd1 Rg8 28. Qg5 Kh7 29. Qf6 Qf8 30. Rfg1 Nb6
31. Nf2 Nd7 32. Qh4 Rc8 33. Nh3 g5 34. fxg5 Kh8 35. g6 Qxh6+ 36. Ng5 Nxe5 37. Kb1 Rcf8 38. Qd4 f6 39. Nxe6 Nf3 40. Qxd5 Nxg1
41. Nxf8 Qxf8 42. Rxg1
1-0

[Event "Fast 1800+ Standard"]
[Site "SchemingMind.com"]
[Date "2006.03.17"]
[Round "-"]
[White "Gordon"]
[Black "harmy"]
[Result "1-0"]
[WhiteCountry "ENG"]
[BlackCountry "USA"]
[WhiteElo "2191"]
[WhiteRD "68"]
[BlackElo "1660"]
[BlackRD "97"]
[GameID "43039"]

1. e4 e5 2. f4 exf4 3. Nf3 g5 4. h4 g4 5. Ne5 d6 6. Nxg4 Be7 7. d3 Bxh4+ 8. Nf2 Qg5 9. Qd2 Bg3 10. Nc3 Nf6
11. Ne2 Bxf2+ 12. Kxf2 Ng4+ 13. Kg1 Nc6 14. Qc3 Nge5 15. Nxf4 Qg3 16. d4 Qxc3 17. bxc3 Ng4 18. Nd5 Kd7 19. Be2 Kd8 20. Bg5+
1-0

[Event "Fast 1800+ Standard"]
[Site "SchemingMind.com"]
[Date "2006.03.17"]
[Round "-"]
[White "Aumonde"]
[Black "Gordon"]
[Result "0-1"]
[WhiteCountry "USA"]
[BlackCountry "ENG"]
[WhiteElo "2151"]
[WhiteRD "61"]
[BlackElo "2230"]
[BlackRD "68"]
[GameID "43040"]

1. e4 e6 2. d4 d5 3. Nc3 Bb4 4. e5 c5 5. Bd2 Ne7 6. a3 Bxc3 7. Bxc3 Nbc6 8. dxc5 d4 9. Bd2 Nxe5 10. Nf3 Qd5
11. Nxe5 Qxe5+ 12. Be2 Bd7 13. O-O Bc6 14. Bd3 Qxc5 15. Qg4 Qd5 16. Rfe1 h5 17. Qh3 O-O-O 18. Bf4 g5 19. Be4 Qb5 20. Bd3 Qc5
21. Be5 g4 22. Qg3 h4 23. Qf4 Rh5 24. Qf6 Qd5 25. Re4 Ng6 26. Bxd4 Rf5 27. Qg7 Rf4 28. Rae1 Rxe4 29. Rxe4 f5 30. c4 Qd6
31. Re3 Qxd4 32. Qxg6 f4 33. Re1 Qxd3 34. Qxe6+ Qd7 35. Qe5 f3 36. gxf3 gxf3 37. Qg5 Qd1 38. Qf5+ Kb8 39. Qe5+ Ka8 40. h3 Rg8+
0-1

[Event "Fast 1800+ Standard"]
[Site "SchemingMind.com"]
[Date "2006.03.17"]
[Round "-"]
[White "harmy"]
[Black "Gordon"]
[Result "0-1"]
[WhiteCountry "USA"]
[BlackCountry "ENG"]
[WhiteElo "1660"]
[WhiteRD "97"]
[BlackElo "2191"]
[BlackRD "68"]
[GameID "43041"]

1. d4 Nf6 2. c4 e5 3. dxe5 Ne4 4. Nf3 d6 5. Qd5 Nc5 6. Bg5 Qd7 7. Nc3 Nc6 8. g3 Nb4 9. Qd1 dxe5 10. Bg2 Qxd1+
11. Rxd1 f6 12. Bc1 Nc2+ 13. Kd2 Nb4 14. b3 c6 15. Ba3 Ne6 16. Bb2 Bd7 17. Kc1 O-O-O 18. Rd2 Nc5 19. Rhd1 Nxa2+ 20. Nxa2 Nxb3+
21. Kc2 Nxd2 22. Nxd2 Bc5 23. e3 Bf5+ 24. Be4 Rxd2+ 25. Rxd2 Bxe4+ 26. Kc1 Rd8 27. Rxd8+ Kxd8 28. Kd2 Kd7 29. Bc3 Bf5 30. Nc1 b5
31. Nb3 Be7 32. cxb5 cxb5 33. f4 exf4 34. gxf4 Be6 35. Nd4 b4 36. Bb2 a5 37. Kc2 a4 38. Ba1 b3+ 39. Kc3 f5 40. h3 g6
0-1

[Event "Fast 1800+ Standard"]
[Site "SchemingMind.com"]
[Date "2006.03.19"]
[Round "-"]
[White "agmac"]
[Black "Gordon"]
[Result "0-1"]
[WhiteCountry "ENG"]
[BlackCountry "ENG"]
[WhiteElo "2005"]
[WhiteRD "107"]
[BlackElo "2312"]
[BlackRD "78"]
[GameID "43284"]

1. e4 c5 2. Nf3 d6 3. Bb5+ Bd7 4. Bxd7+ Qxd7 5. c4 Nc6 6. Nc3 g6 7. d4 cxd4 8. Nxd4 Bg7 9. Nde2 Nf6 10. O-O O-O
11. f3 Rac8 12. b3 Qc7 13. Be3 a6 14. Qd2 Qa5 15. a4 Rfd8 16. Rab1 e6 17. Rfd1 Nd7 18. Bg5 Nf6 19. Kh1 Qb4 20. Nc1 Ne5
21. f4 Nc6 22. Nd3 Qb6 23. f5 Re8 24. b4 Qd4 25. b5 Ne5 26. Nxe5 Qxe5 27. Rbc1 Ng4 28. Bf4 Qc5 29. Rf1 Bd4 30. Nd1 exf5
31. exf5 axb5 32. fxg6 hxg6 33. cxb5 Qxc1 34. Qxc1 Rxc1 35. Bxc1 Re2 36. Bg5 Kg7 37. h3 Nf6 38. Bxf6+ Bxf6 39. Nf2 Bd4 40. Nd3 Ra2
41. g4 Rxa4 42. Kg2 Bb6 43. Rb1 Rd4 44. Rb3 Kf6 45. Kf3 g5 46. Ke2 Re4+ 47. Kd2 d5 48. Rb1 Re3 49. Rh1 Rg3 50. Rf1+ Ke6
51. Re1+ Kd6 52. Rf1 Be3+ 53. Ke2 Ke6 54. Rf5 f6 55. Nb4 d4 56. Nd5 Rxh3 57. Nc7+ Kf7 58. Nd5 Rh2+ 59. Kd3 Rf2 60. Nxe3 dxe3
61. Rc5 Ke6 62. Kxe3 Kd6 63. Rc4 Rb2 64. Rd4+ Ke6 65. Re4+ Kf7 66. Kd3 Rxb5
0-1

[Event "Fast 1800+ Standard"]
[Site "SchemingMind.com"]
[Date "2006.03.19"]
[Round "-"]
[White "agmac"]
[Black "Aumonde"]
[Result "1-0"]
[WhiteCountry "ENG"]
[BlackCountry "USA"]
[WhiteElo "2039"]
[WhiteRD "104"]
[BlackElo "2127"]
[BlackRD "61"]
[GameID "43285"]

1. e4 e5 2. Nf3 Nf6 3. Nxe5 d6 4. Nf3 Nxe4 5. d4 d5 6. Bd3 Bd6 7. O-O O-O 8. Re1 Re8 9. c4 c6 10. Nc3 Nxc3
11. bxc3 dxc4 12. Bg5 Rxe1+ 13. Qxe1 Qf8 14. Bxc4 Nd7 15. Qe4 Nb6 16. Bd3 g6 17. Qh4 Be6 18. a4 Bc4 19. Bc2 Re8 20. Nd2 Re2
21. Nxc4 Rxc2 22. Bh6 Be7 23. Qh3 Qc8 24. Nxb6 Qxh3 25. gxh3 Bh4 26. Nc8 Bxf2+ 27. Kf1 Rb2 28. Bc1 Rc2 29. Rb1 Kg7 30. Bf4 Bh4
31. Be5+ Bf6 32. Nxa7 Bxe5 33. dxe5 b5 34. axb5 cxb5 35. Nxb5 Rxh2 36. Re1 Rxh3 37. c4 h5 38. Kg2 Rb3 39. Nd6 Rb2+ 40. Kg3 Rb3+
41. Kf4 Rb2 42. c5 Rc2 43. Ne4 Kf8 44. Ke3 Ke7 45. Kd3 Ra2 46. c6 Kd8 47. Rc1 Kc7 48. Nd6 Ra8 49. Nxf7 h4 50. Ng5 Rd8+
51. Ke4 Re8 52. Rc3 h3 53. Nxh3 Re6 54. Kd5 Re8 55. Ng5
1-0

[Event "Fast 1800+ Standard"]
[Site "SchemingMind.com"]
[Date "2006.03.19"]
[Round "-"]
[White "agmac"]
[Black "harmy"]
[Result "1-0"]
[WhiteCountry "ENG"]
[BlackCountry "USA"]
[WhiteElo "2010"]
[WhiteRD "111"]
[BlackElo "1755"]
[BlackRD "85"]
[GameID "43286"]

1. e4 e5 2. Nf3 Nc6 3. Bc4 Bc5 4. c3 Qe7 5. O-O Nf6 6. d4 Bb6 7. Re1 d6 8. h3 Bd7 9. Be3 Nxe4 10. dxe5 Nxe5
11. Nxe5 Qxe5 12. Bd4 Bxd4 13. cxd4 Qf4 14. f3 f5 15. fxe4 O-O-O 16. Qd2 Qh4 17. Nc3 g5 18. exf5 Bxf5 19. Nb5 g4 20. Qa5
1-0

[Event "Fast 1800+ Standard"]
[Site "SchemingMind.com"]
[Date "2006.03.19"]
[Round "-"]
[White "Gordon"]
[Black "agmac"]
[Result "1/2-1/2"]
[WhiteCountry "ENG"]
[BlackCountry "ENG"]
[WhiteElo "2306"]
[WhiteRD "79"]
[BlackElo "2117"]
[BlackRD "101"]
[GameID "43287"]

1. e4 e5 2. f4 exf4 3. Nf3 g5 4. h4 g4 5. Ne5 d6 6. Nxg4 Be7 7. d3 Bxh4+ 8. Nf2 Qg5 9. Nc3 Nf6 10. Qd2 Ng4
11. Rxh4 Qxh4 12. Nd5 Kd7 13. Qxf4 Qxf2+ 14. Qxf2 Nxf2 15. Kxf2 c6 16. Ne3 Kc7 17. Bd2 h5 18. Bc3 Rh6 19. Be2 Be6 20. Rh1 Nd7
21. Rh4 Ne5 22. a3 Rah8 23. Ke1 R8h7 24. Bd2 Rg6 25. Rxh5 Rxh5 26. Bxh5 Rg7 27. b3 Ng4 28. Bc3 Rg5 29. Bxg4 Bxg4 30. Kf2 Be6
31. Kf3 b6 32. g4 Rg6 33. Kf4 Rh6 34. g5 Rh3 35. Bf6 d5 36. Be5+ Kd7 37. Bf6 dxe4 38. Kxe4 Rh4+ 39. Kf3 Rh7 40. Ke4 c5
41. d4 cxd4 42. Kxd4 Rh4+ 43. Kd3 Rf4 44. c4 Bf5+ 45. Kc3 Be4 46. Be5 Rf2 47. Bf6 Kc6 48. Be5 Ra2 49. a4 a5 50. Kd4 Bc2
51. Kc3 Bb1 52. Bf4 Kc5 53. Be5 Bg6 54. Bd4+ Kc6 55. Be5 Re2 56. Bd4 Be4 57. b4 axb4+ 58. Kxb4 Re1 59. Ng4 Rb1+ 60. Kc3 Rf1
61. Ne5+ Kd6 62. Ng4 Rf3+ 63. Kb4 Kc7 64. Ne5 Rf5 65. g6 fxg6 66. Nxg6 Rf1 67. Ne5 Rd1 68. Be3 Rb1+ 69. Kc3 Ra1 70. Kb3 Re1
71. Bd4 Rd1 72. Be3 Re1 73. Bd4 Rd1 74. Be3 Kd6 75. Ng4 Bf5 76. Bf4+ Kc5 77. Be3+ Kc6 78. Ne5+ Kd6 79. Bf4 Rf1 80. Bh2 Kc7
81. Bg3 Be6 82. Bh4 Kb7 83. Be7 Re1 84. Bf6 Ka6 85. Bg7 Rb1+ 86. Ka3 Bf5 87. Nc6 Rc1 88. Kb3 Bg4 89. Nb4+ Kb7 90. Bc3 Rb1+
91. Ka2 Rd1 92. Kb3 Be6 93. Nc2 Rb1+ 94. Ka2 Rf1 95. Kb3 Bf7 96. Nd4 Rb1+=
1/2-1/2

[Event "Fast 1800+ Standard"]
[Site "SchemingMind.com"]
[Date "2006.03.19"]
[Round "-"]
[White "Aumonde"]
[Black "agmac"]
[Result "1/2-1/2"]
[WhiteCountry "USA"]
[BlackCountry "ENG"]
[WhiteElo "2189"]
[WhiteRD "61"]
[BlackElo "2117"]
[BlackRD "101"]
[GameID "43288"]

1. e4 e5 2. Nf3 Nc6 3. Bb5 a6 4. Bxc6 dxc6 5. d4 exd4 6. Qxd4 Qxd4 7. Nxd4 Bd7 8. Be3 O-O-O 9. Nc3 f6 10. O-O-O Ne7
11. h3 Ng6 12. Nb3 b6 13. Kb1 Bd6 14. Bxb6 Bxh3 15. Bxc7 Kxc7 16. Rxh3 Nf4 17. Rhh1 h5 18. g3 Ne6 19. Kc1 g5 20. Rh3 g4
21. Rhh1 Ng5 22. Rd4 Be5 23. Ra4 Bxc3 24. bxc3 Rde8 25. Nc5 a5 26. Rd1 Re7 27. Rdd4 Ra8 28. a3 Nf3 29. Rd3 Rae8 30. Re3 Ng5
31. Rxa5 Kb6 32. Nb3 Rxe4 33. Rd3 Re1+ 34. Kb2 Ne4 35. Rd4 Nxf2 36. Rb4+ Kc7 37. Nd4 Nd1+ 38. Kb3 R1e5 39. Ra7+ Kd6 40. Rf7 Rc5
41. Rxf6+ Kd5 42. Rf5+ Re5 43. Rxe5+ Kxe5 44. Ne2 Kf6 45. a4 Re5 46. Nf4 Ne3 47. Rb8 Nf5 48. Nxh5+ Kg5 49. Nf4 Nxg3 50. Ng2 Ne2
51. Rg8+ Kh5 52. Kc4 Rf5 53. Rxg4 Rf3 54. Rh4+ Kg5 55. Kb4 Rxc3 56. Rc4 Rg3 57. Ne1 Nf4 58. c3 Nd5+ 59. Kb3 Ne7 60. a5 Kf5
61. a6 Rg8 62. Nd3 Ra8 63. Rc5+ Ke6 64. Rh5 Kd6 65. Nc5 Nd5 66. Kc4 Ra7 67. Kd4 Kc7 68. Rh2 Ne7 69. Rb2 Nf5+ 70. Ke5 Nd6
71. Ra2 Nb5 72. Ne6+ Kb6 73. c4 Rxa6 74. Rb2 Ra1 75. cxb5 Re1+ 76. Kf6 cxb5 77. Nd4 Kc5 78. Nxb5 Rf1+ 79. Ke5 Re1+ 80. Kf4 Rf1+
81. Ke3 Re1+ 82. Kd3 Rh1 83. Nc7 Rd1+ 84. Ke2 Rh1 85. Kf3 Rf1+ 86. Ke3 Re1+ 87. Kd2 Rh1 88. Rb8 Rh2+ 89. Kd3 Rh3+ 90. Ke4 Rh4+
91. Kf5 Rh5+ 92. Kg6 Rh1 93. Nb5 Rh3 94. Nc7 Rh1 95. Ne6+ Kd6 96. Nf8 Rg1+ 97. Kh7 Rh1+ 98. Kg7 Rg1+ 99. Ng6 Rf1 100. Rb6+ Kc5
101. Rb7 Kc6 102. Rb3 Kc5 103. Rd3 Rf2 104. Rd8 Kb4 105. Rc8 Kb3 106. Ne7 Rf4 107. Kg6 Rc4 108. Rd8 Rf4 109. Nf5 Kc3 110. Kg5 Rf2
111. Kg4 Kc4 112. Ne3+ Kc5 113. Nf5 Kc4 114. Ne3+ Kc5 115. Kg3 Rf7=
1/2-1/2

[Event "Fast 1800+ Standard"]
[Site "SchemingMind.com"]
[Date "2006.03.20"]
[Round "-"]
[White "harmy"]
[Black "agmac"]
[Result "0-1"]
[WhiteCountry "USA"]
[BlackCountry "ENG"]
[WhiteElo "1755"]
[WhiteRD "85"]
[BlackElo "2010"]
[BlackRD "111"]
[GameID "43289"]

1. d4 Nf6 2. c4 e6 3. Nc3 Bb4 4. a3 Bxc3+ 5. bxc3 d5 6. cxd5 exd5 7. e3 O-O 8. Bd3 Re8 9. Ne2 Nbd7 10. O-O Nb6
11. Ng3 Bd7 12. f3 c5 13. e4 cxd4 14. cxd4 dxe4 15. Bxe4 Ba4 16. Qd3 Bc2 17. Qxc2 Qxd4+ 18. Be3 Qxe3+ 19. Qf2 Qxf2+ 20. Rxf2 Nxe4
21. Nxe4 Rad8 22. Rc2 f5 23. Ng3 g6 24. Rc7 Rd7 25. Rac1 Re1+ 26. Kf2 Rxc1 27. Rxc1 Rd3 28. Rc7 Rxa3 29. Rxb7 Ra2+ 30. Ne2 Nd5
31. Rb8+ Kg7 32. Ke1 a5 33. Rb5 Rxe2+
0-1

[Event "Fast 1800+ Standard"]
[Site "SchemingMind.com"]
[Date "2006.03.20"]
[Round "-"]
[White "chesshub"]
[Black "Gordon"]
[Result "1/2-1/2"]
[WhiteCountry "FRA"]
[BlackCountry "ENG"]
[WhiteElo "2276"]
[WhiteRD "84"]
[BlackElo "2217"]
[BlackRD "73"]
[GameID "43436"]

1. e4 c5 2. Nf3 d6 3. d4 cxd4 4. Nxd4 Nf6 5. Nc3 g6 6. Be3 Bg7 7. f3 O-O 8. Qd2 Nc6 9. Bc4 Bd7 10. O-O-O Rc8
11. Bb3 Ne5 12. Kb1 Re8 13. h4 h5 14. Bh6 Nc4 15. Bxc4 Rxc4 16. Bxg7 Kxg7 17. Nd5 e5 18. Nxf6 Qxf6 19. Nb3 Re6 20. Qe2 Rc8
21. g4 Rh8 22. g5 Qe7 23. Qf2 a6 24. Nc1 Bb5 25. Nd3 Bxd3 26. Rxd3 Rc8 27. Qd2 Rc6 28. Rd5 b5 29. a3 Qc7 30. Rf1 Rc5
31. f4 Rxd5 32. exd5 Re8 33. Re1 Qc5 34. fxe5 dxe5 35. Qd3 Qd6 36. Qe4 Kg8 37. Kc1 Rd8 38. Rd1 Rc8 39. Qb4 Rc5 40. Kb1=
1/2-1/2

[Event "Fast 1800+ Standard"]
[Site "SchemingMind.com"]
[Date "2006.03.20"]
[Round "-"]
[White "chesshub"]
[Black "Aumonde"]
[Result "1-0"]
[WhiteCountry "FRA"]
[BlackCountry "USA"]
[WhiteElo "2276"]
[WhiteRD "84"]
[BlackElo "2163"]
[BlackRD "59"]
[GameID "43437"]

1. e4 d6 2. d4 Nf6 3. Nc3 g6 4. f4 Bg7 5. Nf3 O-O 6. Bd3 Nc6 7. e5 Nd7 8. O-O Nb6 9. a3 dxe5 10. dxe5 f6
11. exf6 exf6 12. f5 gxf5 13. Qe1 Ne5 14. Be2 Qd6 15. Kh1 Be6 16. Qg3 Rad8 17. Bf4 Rfe8 18. Nb5 Qc5 19. b4 Qe7 20. Nbd4 Kh8
21. Rad1 Rd5 22. Nh4 Qd7 23. c3 Nbc4 24. Bxe5 Nxe5 25. Nhxf5 Bxf5 26. Nxf5 Rxd1 27. Bxd1 a5 28. Ba4 c6 29. Bb3 axb4 30. axb4 b5
31. Qf2 Rd8 32. Nd4 Qg4 33. Bc2 Qh5 34. Ne6 Rd6 35. Bb3 Qe8 36. Qf5 Ng6 37. Nd4 Bh6 38. Bc2 Bd2 39. Qd3 Bg5 40. Qh3 Qd7
41. Qg3 Ne5 42. Nf5 Rd2 43. h4 Rxc2 44. hxg5 Qd3 45. Ra1 Ra2 46. Rxa2 Qb1+ 47. Kh2 Qxf5 48. Ra8+ Kg7 49. gxf6+ Kxf6 50. Qh4+ Kf7
51. Ra7+ Nd7 52. Rxd7+ Qxd7 53. Qxh7+ Ke8 54. Qxd7+ Kxd7 55. g4 Kd6 56. Kg3 c5 57. Kf4 c4 58. Kf5 Ke7 59. Ke5 Kf7 60. Kd5 Kf6
61. Kc6 Kg5 62. Kxb5 Kxg4 63. Kxc4 Kf5 64. Kd5 Kf6 65. c4 Ke7 66. b5 Kd8 67. b6 Kd7 68. c5 Kc8 69. c6 Kd8 70. Ke6 Kc8
71. Kd6 Kd8 72. b7
1-0

[Event "Fast 1800+ Standard"]
[Site "SchemingMind.com"]
[Date "2006.03.20"]
[Round "-"]
[White "chesshub"]
[Black "agmac"]
[Result "1-0"]
[WhiteCountry "FRA"]
[BlackCountry "ENG"]
[WhiteElo "2276"]
[WhiteRD "84"]
[BlackElo "2004"]
[BlackRD "108"]
[GameID "43438"]

1. e4 e5 2. Nf3 Nc6 3. Bb5 a6 4. Ba4 Nf6 5. O-O Be7 6. Re1 b5 7. Bb3 O-O 8. c3 d5 9. exd5 Nxd5 10. Nxe5 Nxe5
11. Rxe5 c6 12. d4 Bd6 13. Re1 Qh4 14. g3 Qh3 15. Re4 g5 16. Qf3 Bf5 17. Bc2 Bxe4 18. Bxe4 Qe6 19. Bxg5 f5 20. Bd3 h6
21. Bd2 f4 22. g4 Ra7 23. Kh1 Re8 24. a4 b4 25. cxb4 Nxb4 26. Bxb4 Bxb4 27. Nc3 Bxc3 28. bxc3 Qd5 29. Kg2 a5 30. Rb1 Rg7
31. Qxd5+ cxd5 32. Bf5 Rc7 33. Rb3 Rc4 34. Kf3 Re7 35. Kxf4 Rxa4 36. Rb5 Rc7 37. Ke5 Kg7 38. Rb6 Rxc3 39. Rg6+ Kf8 40. Rxh6 Rf3
41. h4 Rxf2 42. h5 Rb4 43. Ra6 Re2+ 44. Kf6 Rb8 45. g5 Rf2 46. g6
1-0

[Event "Fast 1800+ Standard"]
[Site "SchemingMind.com"]
[Date "2006.03.20"]
[Round "-"]
[White "chesshub"]
[Black "harmy"]
[Result "1-0"]
[WhiteCountry "FRA"]
[BlackCountry "USA"]
[WhiteElo "2147"]
[WhiteRD "118"]
[BlackElo "1660"]
[BlackRD "97"]
[GameID "43439"]

1. e4 e5 2. Nf3 Nc6 3. Bb5 a6 4. Ba4 Nf6 5. O-O Nxe4 6. d4 b5 7. Bb3 d5 8. dxe5 Be6 9. c3 Bc5 10. Nbd2 O-O
11. Qe2 Bf5 12. a4 b4 13. Nxe4 dxe4 14. Ng5 bxc3 15. Nxf7 Qe7 16. Nd8+ Kh8 17. Nxc6 Qe8 18. Bd5 cxb2 19. Bxb2 Qg6 20. Qc2
1-0

[Event "Fast 1800+ Standard"]
[Site "SchemingMind.com"]
[Date "2006.03.20"]
[Round "-"]
[White "Gordon"]
[Black "chesshub"]
[Result "0-1"]
[WhiteCountry "ENG"]
[BlackCountry "FRA"]
[WhiteElo "2191"]
[WhiteRD "68"]
[BlackElo "2147"]
[BlackRD "118"]
[GameID "43440"]

1. e4 e5 2. f4 exf4 3. Nf3 g5 4. h4 g4 5. Ne5 Nf6 6. d4 d6 7. Nd3 Nxe4 8. Bxf4 Bg7 9. c3 O-O 10. Nd2 Re8
11. Nxe4 Rxe4+ 12. Kf2 c5 13. dxc5 dxc5 14. g3 c4 15. Bg2 Re8 16. Nb4 Qb6+ 17. Kf1 Na6 18. Nxa6 Bf5
0-1

[Event "Fast 1800+ Standard"]
[Site "SchemingMind.com"]
[Date "2006.03.21"]
[Round "-"]
[White "Aumonde"]
[Black "chesshub"]
[Result "0-1"]
[WhiteCountry "USA"]
[BlackCountry "FRA"]
[WhiteElo "2135"]
[WhiteRD "68"]
[BlackElo "2147"]
[BlackRD "118"]
[GameID "43441"]

1. e4 e5 2. Nf3 Nc6 3. Bb5 a6 4. Bxc6 dxc6 5. d3 f6 6. O-O Bg4 7. Be3 Qd7 8. h3 Be6 9. d4 O-O-O 10. Nbd2 g5
11. dxe5 g4 12. hxg4 Bxg4 13. Re1 Qg7 14. Bf4 h5 15. Qe2 h4 16. exf6 Nxf6 17. e5 Nd5 18. Bg5 Be7 19. Bxe7 Nxe7 20. Qf1 Qg6
21. e6 Rh5 22. Re3 h3 23. Rd3 hxg2 24. Rxd8+ Kxd8 25. Qxg2 Nd5 26. e7+ Ke8 27. Nh2 Nf4 28. Qxg4 Rg5
0-1

[Event "Fast 1800+ Standard"]
[Site "SchemingMind.com"]
[Date "2006.03.20"]
[Round "-"]
[White "agmac"]
[Black "chesshub"]
[Result "0-1"]
[WhiteCountry "ENG"]
[BlackCountry "FRA"]
[WhiteElo "2010"]
[WhiteRD "111"]
[BlackElo "2230"]
[BlackRD "102"]
[GameID "43442"]

1. e4 e5 2. Nf3 Nc6 3. Bc4 Bc5 4. c3 Nf6 5. d4 exd4 6. e5 d5 7. Bb5 Ne4 8. cxd4 Bb6 9. Nc3 O-O 10. Be3 Bg4
11. Qa4 Ne7 12. Bd3 f5 13. Nd2 Nxc3 14. bxc3 f4 15. O-O fxe3 16. fxe3 Nf5 17. Bxf5 Rxf5
0-1

[Event "Fast 1800+ Standard"]
[Site "SchemingMind.com"]
[Date "2006.03.20"]
[Round "-"]
[White "harmy"]
[Black "chesshub"]
[Result "0-1"]
[WhiteCountry "USA"]
[BlackCountry "FRA"]
[WhiteElo "1660"]
[WhiteRD "97"]
[BlackElo "2147"]
[BlackRD "118"]
[GameID "43443"]

1. d4 Nf6 2. c4 e6 3. Nc3 Bb4 4. a3 Bxc3+ 5. bxc3 c5 6. e3 O-O 7. Bd3 Nc6 8. Ne2 b6 9. e4 Ne8 10. Bf4 d6
11. e5 dxe5 12. dxe5 Ba6 13. Ng3 Qh4 14. Qd2 f6 15. Ne4 Nxe5 16. Bxe5 fxe5 17. Qg5 Qf4 18. O-O Nf6 19. Rae1 Nxe4 20. Qxf4 Rxf4
21. Rxe4 Rxe4 22. Bxe4 Rd8 23. f3 Bxc4 24. Re1 b5 25. Bb7 Rd3 26. Rxe5 Rxc3 27. Rxc5 Rxa3 28. Be4 a5 29. Rc8+ Kf7 30. Rc7+ Kf6
31. h4 h5 32. g4 hxg4
0-1

[Event "Fast 1800+ Standard"]
[Site "SchemingMind.com"]
[Date "2006.03.20"]
[Round "-"]
[White "Duncan"]
[Black "Gordon"]
[Result "0-1"]
[WhiteCountry "PHI"]
[BlackCountry "ENG"]
[WhiteElo "1807"]
[WhiteRD "107"]
[BlackElo "2230"]
[BlackRD "68"]
[GameID "43446"]

1. e4 c5 2. Nf3 d6 3. d4 cxd4 4. Nxd4 Nf6 5. Nc3 g6 6. Be3 Bg7 7. f3 O-O 8. Qd2 Nc6 9. O-O-O d5 10. exd5 Nxd5
11. Nxc6 bxc6 12. Bd4 e5 13. Bc5 Be6 14. Ne4 Re8 15. Bc4 Qc7 16. Bb3 Red8
0-1

[Event "Fast 1800+ Standard"]
[Site "SchemingMind.com"]
[Date "2006.03.20"]
[Round "-"]
[White "Duncan"]
[Black "Aumonde"]
[Result "0-1"]
[WhiteCountry "PHI"]
[BlackCountry "USA"]
[WhiteElo "1807"]
[WhiteRD "107"]
[BlackElo "2151"]
[BlackRD "61"]
[GameID "43447"]

1. e4 e5 2. Nf3 Nc6 3. Bb5 a6 4. Ba4 Nf6 5. O-O Be7 6. Re1 b5 7. Bb3 d6 8. c3 O-O 9. h3 Be6 10. d4 Bxb3
11. Qxb3 d5 12. exd5 Na5 13. Qd1 exd4 14. Nxd4 Re8 15. Nd2 Qxd5 16. N2f3 c5 17. Nc2 Qc6 18. Bg5 Rad8 19. Qc1 Nc4 20. b3 Nd6
21. Ne3 Nde4 22. Bf4 Nh5 23. Ne5 Qe6
0-1

[Event "Fast 1800+ Standard"]
[Site "SchemingMind.com"]
[Date "2006.03.20"]
[Round "-"]
[White "Duncan"]
[Black "chesshub"]
[Result "0-1"]
[WhiteCountry "PHI"]
[BlackCountry "FRA"]
[WhiteElo "1807"]
[WhiteRD "107"]
[BlackElo "2230"]
[BlackRD "102"]
[GameID "43448"]

1. e4 e5 2. Nf3 Nc6 3. Bb5 a6 4. Ba4 Nf6 5. O-O Be7 6. Re1 b5 7. Bb3 d6 8. c3 O-O 9. h3 Na5 10. Bc2 c5
11. d4 Qc7 12. Nbd2 cxd4 13. cxd4 Nc6 14. d5 Nb4 15. Bb1 a5 16. a3 Na6 17. Nf1 Bd7 18. Be3 Nc5 19. Ng3 Rfc8 20. Nd2 Na4
21. Qb3 Qb7 22. Bd3 Nc5
0-1

[Event "Fast 1800+ Standard"]
[Site "SchemingMind.com"]
[Date "2006.03.20"]
[Round "-"]
[White "Duncan"]
[Black "harmy"]
[Result "0-1"]
[WhiteCountry "PHI"]
[BlackCountry "USA"]
[WhiteElo "1745"]
[WhiteRD "104"]
[BlackElo "1801"]
[BlackRD "81"]
[GameID "43450"]

1. e4 e5 2. Nf3 Nc6 3. Bb5 a6 4. Ba4 Nf6 5. O-O Nxe4 6. d4 b5 7. Bb3 d5 8. dxe5 Be6 9. Nbd2 Nc5 10. c3 d4
11. Bxe6 Nxe6 12. cxd4 Ncxd4 13. Nxd4 Nxd4 14. Ne4 Be7 15. Qg4 Qd5 16. Nc3 Qxe5 17. Bf4 Qe6 18. Qxg7 O-O-O 19. Qe5 Qxe5 20. Bxe5 Rhg8
21. Kh1 Bc5 22. Ne4 Bb6 23. Rac1 Ne6 24. Bg3 Rg6 25. Nd6+ Kb8 26. Nxf7 Rd2 27. Ne5 Rg8 28. Rb1 Kb7
0-1

[Event "Fast 1800+ Standard"]
[Site "SchemingMind.com"]
[Date "2006.03.20"]
[Round "-"]
[White "Gordon"]
[Black "Duncan"]
[Result "1-0"]
[WhiteCountry "ENG"]
[BlackCountry "PHI"]
[WhiteElo "2191"]
[WhiteRD "68"]
[BlackElo "1926"]
[BlackRD "135"]
[GameID "43451"]

1. e4 e5 2. f4 exf4 3. Nf3 g5 4. h4 g4 5. Ne5 h5 6. Bc4 Nh6 7. d4 Be7 8. Bxf4 Bxh4+ 9. g3 Bf6 10. Rxh5 d6
11. Bb5+ c6 12. Nc4 Be7 13. Nc3
1-0

[Event "Fast 1800+ Standard"]
[Site "SchemingMind.com"]
[Date "2006.03.21"]
[Round "-"]
[White "Aumonde"]
[Black "Duncan"]
[Result "1-0"]
[WhiteCountry "USA"]
[BlackCountry "PHI"]
[WhiteElo "2151"]
[WhiteRD "61"]
[BlackElo "1807"]
[BlackRD "107"]
[GameID "43452"]

1. d4 Nf6 2. c4 e6 3. Nf3 b6 4. g3 Bb7 5. Bg2 Be7 6. Nc3 O-O 7. O-O Ne4 8. Qc2 Nxc3 9. Qxc3 f5 10. b3 Bf6
11. Bb2 d6 12. Rad1 Nd7 13. Ng5 Bxg5 14. Bxb7 Rb8 15. Bc6 Qe7 16. f4 Bf6 17. e4 fxe4 18. Qc2 e3 19. Rde1 g6 20. Rxe3 Qg7
21. Rd1 Rbe8 22. Qe2 Qf7 23. Re1
1-0

[Event "Fast 1800+ Standard"]
[Site "SchemingMind.com"]
[Date "2006.03.20"]
[Round "-"]
[White "chesshub"]
[Black "Duncan"]
[Result "1-0"]
[WhiteCountry "FRA"]
[BlackCountry "PHI"]
[WhiteElo "2230"]
[WhiteRD "102"]
[BlackElo "1807"]
[BlackRD "107"]
[GameID "43453"]

1. e4 c5 2. Nf3 d6 3. d4 cxd4 4. Nxd4 Nf6 5. Nc3 a6 6. Be3 e6 7. f3 Nbd7 8. g4 h6 9. Qd2 Qc7 10. h4 Ne5
11. Rg1 Be7 12. O-O-O b5 13. g5 hxg5 14. hxg5 Nh5 15. f4 Nc6 16. g6 f6 17. Rh1 b4 18. Na4 Bd7 19. Nb6 Rb8 20. Nxd7 Kxd7
21. Nxe6
1-0

[Event "Fast 1800+ Standard"]
[Site "SchemingMind.com"]
[Date "2006.03.20"]
[Round "-"]
[White "agmac"]
[Black "Duncan"]
[Result "1-0"]
[WhiteCountry "ENG"]
[BlackCountry "PHI"]
[WhiteElo "2010"]
[WhiteRD "111"]
[BlackElo "1807"]
[BlackRD "107"]
[GameID "43454"]

1. e4 c5 2. Nf3 d6 3. Bb5+ Bd7 4. Bxd7+ Nxd7 5. O-O Ngf6 6. Qe2 Qc7 7. Nc3 a6 8. Nd5 Qc6 9. c4 e6 10. d4 e5
11. dxe5 dxe5 12. Bg5
1-0